Microfinance service on livelihood improvement in Thpong district, Kampong speu province; ការប្រើប្រាស់សេវាឥទានជនបទក្នុងការពង្រីកមុខរបររបស់ប្រជាជន នៅស្រុកថ្ពង ខេត្តកំពង់ស្ពឺ (Record no. 8000)

000 -LEADER
fixed length control field 00724nam a22001577a 4500
003 - CONTROL NUMBER IDENTIFIER
control field OSt
005 - DATE AND TIME OF LATEST TRANSACTION
control field 20161118111536.0
008 - FIXED-LENGTH DATA ELEMENTS--GENERAL INFORMATION
fixed length control field 160517b xxu||||| |||| 00| 0 eng d
040 ## - CATALOGING SOURCE
Transcribing agency RUA
082 ## - DEWEY DECIMAL CLASSIFICATION NUMBER
Classification number AGR RA 2011 B430 Or.1
100 ## - MAIN ENTRY--PERSONAL NAME
9 (RLIN) 11288
Personal name RA YANITH; រ៉ា យ៉ានិត
245 ## - TITLE STATEMENT
Title Microfinance service on livelihood improvement in Thpong district, Kampong speu province; ការប្រើប្រាស់សេវាឥទានជនបទក្នុងការពង្រីកមុខរបររបស់ប្រជាជន នៅស្រុកថ្ពង ខេត្តកំពង់ស្ពឺ
260 ## - PUBLICATION, DISTRIBUTION, ETC. (IMPRINT)
Place of publication, distribution, etc. Phnom Penh
Name of publisher, distributor, etc. RUA
Date of publication, distribution, etc. 2015
300 ## - PHYSICAL DESCRIPTION
Extent xv;73p.
Other physical details ill.
Dimensions 29cm.
942 ## - ADDED ENTRY ELEMENTS (KOHA)
Source of classification or shelving scheme
Koha item type MGR
Holdings
Price effective from Date last seen Permanent Location Not for loan Date acquired Source of classification or shelving scheme Koha item type Barcode Lost status Damaged status Shelving location Withdrawn status Current Location Full call number
2016-11-182016-11-18Library Block B 2016-11-18 MGRa03454  B430 Library Block BMGR RA 2015 B430 Or.1
2016-11-182016-11-18Library Block B 2016-11-18 MGRa04411  B430 Library Block BMGR RA 2015 B430 Or.2
2016-11-182016-11-18Library Block B 2016-11-18 MGRa03026  B430 Library Block BMGR RA 2015 B430 Or.3
2016-11-182016-11-18Library Block B 2016-11-18 MGRa03456  B430 Library Block BMGR RA 2015 B430 Or.4
2016-11-182016-11-18Library Block B 2016-11-18 MGRA03100  B430 Library Block BMGR RA 2015 B430 Or.5
2016-11-182016-11-18Library Block B 2016-11-18 MGRA02945  B430 Library Block BMGR RA 2015 B430 Or.6
2016-11-182016-11-18Library Block B 2016-11-18 MGRA03677  B430 Library Block BMGR RA 2015 B430 Or.7
មជ្ឈមណ្ឌលឯការនៃសាកលវិទ្យាល័យភូមិន្ទកសិកម្មចំការដូង

Powered by Koha